Score 0/12 Timer 01:00
0 Plays Today
% Correct
electron
95.8%
neutron
94.4%
proton
94.1%
photon
89.5%
neutrino
84.5%
positron
81.3%
muon
70.6%
gluon
69.8%
strange
63.5%
top
60.9%
tau
53.6%
kaon
49.6%

Today's Daily Dose

Remove Ads.
Support Sporcle.
Get the best of Sporcle when you Go Orange. This ad-free experience offers more features, more stats, and more fun while also helping to support Sporcle. Thank you for becoming a member.

You're not logged in!

Compare scores with friends on all Sporcle quizzes.
OR
Log In

Show Comments

Extras

Top Quizzes Today


Score Distribution

Your Account Isn't Verified!

In order to create a playlist on Sporcle, you need to verify the email address you used during registration. Go to your Sporcle Settings to finish the process.

Report this User

Report this user for behavior that violates our Community Guidelines.

Details: